Normal view MARC view

Entry Personal Name

Number of records used in: 1

001 - CONTROL NUMBER

  • control field: 13178

003 - CONTROL NUMBER IDENTIFIER

  • control field: OSt

005 - DATE AND TIME OF LATEST TRANSACTION

  • control field: 20211105133633.0

008 - FIXED-LENGTH DATA ELEMENTS

  • fixed length control field: 211105|| aca||aabn | a|a d

040 ## - CATALOGING SOURCE

  • Original cataloging agency: OSt
  • Transcribing agency: OSt

100 ## - HEADING--PERSONAL NAME

  • Personal name: Clark, J.W., ed

670 ## - SOURCE DATA FOUND

  • Source citation: Work cat.: (OSt): Conference Recent Progress in Many-Body Theories 2nd Mexico 1981 Jan. 12-17 13176, Recent progress in many-body theories, 1981

Powered by Koha